Návrh návarov resp. ochranných povlakov rozvlákňovacích kotúčov : Diplomová práca

Uložené v:
Podrobná bibliografia
Hlavný autor: Baláž, Viliam (Autor)
Ďalší autori: Štrba, Ján (xxx)
Médium: Rukopis Kniha
Jazyk:Slovak
Vydavateľské údaje: Trnava : SVŠT v Bratislave StF KZZaPM, 1988
Predmet:
Tagy: Pridať tag
Žiadne tagy, Buďte prvý, kto otaguje tento záznam!

MARC

LEADER 00000ntm a22000003a 4500
001 stu116464
005 20160719162731.4
008 060421s1988----cs------------------slo-d
040 |a STU  |b slo 
041 0 |a slo 
044 |a cs 
100 1 |a Baláž, Viliam  |4 aut 
245 1 |a Návrh návarov resp. ochranných povlakov rozvlákňovacích kotúčov :  |b Diplomová práca 
260 |a Trnava :  |b SVŠT v Bratislave StF KZZaPM,  |c 1988 
300 |a 56 s  |c príl 
650 7 |a strojárska technológia  |2 stusub 
650 7 |a zváranie  |2 stusub 
700 1 |a Štrba, Ján  |4 xxx 
996 |b 284M072872  |c M*DP-3181  |l MMSKP  |s P  |a 0  |w stu116464_0001